5HLuxD.jpg

KING HENRY VIII SENIOR AND PRIMARY SCHOOL LIBRARY OPAC

The tiny seed (Record no. 5796)

000 -LEADER
fixed length control field 00735nam a22002297a 4500
003 - CONTROL NUMBER IDENTIFIER
control field OSt
005 - DATE AND TIME OF LATEST TRANSACTION
control field 20251112080513.0
008 - FIXED-LENGTH DATA ELEMENTS--GENERAL INFORMATION
fixed length control field 251112b ||||| |||| 00| 0 eng d
020 ## - INTERNATIONAL STANDARD BOOK NUMBER
International Standard Book Number 9780887080159
040 ## - CATALOGING SOURCE
Transcribing agency KH8
082 ## - DEWEY DECIMAL CLASSIFICATION NUMBER
Classification number 581.467 CAR
100 1# - MAIN ENTRY--PERSONAL NAME
Personal name Carle, Eric
Relator term Author
245 14 - TITLE STATEMENT
Title The tiny seed
Statement of responsibility, etc. Eric Carle
260 ## - PUBLICATION, DISTRIBUTION, ETC.
Place of publication, distribution, etc. 1230 Avenues of the America,New York,New York 10020
Name of publisher, distributor, etc. Simon & Schuster Books for Young Readers
Date of publication, distribution, etc. 1987
300 ## - PHYSICAL DESCRIPTION
Extent 30 pages
Other physical details colour illustration
Dimensions 20 cm x 29 cm
500 ## - GENERAL NOTE
General note Reprint. Originally published: New York: Crowell, 1970.
650 #0 - SUBJECT ADDED ENTRY--TOPICAL TERM
Topical term or geographic name entry element Plants
Form subdivision Fiction
650 #0 - SUBJECT ADDED ENTRY--TOPICAL TERM
Topical term or geographic name entry element Seeds
Form subdivision Fiction
650 #0 - SUBJECT ADDED ENTRY--TOPICAL TERM
Topical term or geographic name entry element Plants
General subdivision Development
Form subdivision Fiction.
650 #0 - SUBJECT ADDED ENTRY--TOPICAL TERM
Topical term or geographic name entry element Seeds
General subdivision Dispersal
Form subdivision Fiction
942 ## - ADDED ENTRY ELEMENTS (KOHA)
Source of classification or shelving scheme
Koha item type Books - Fiction
Holdings
Withdrawn status Lost status Source of classification or shelving scheme Damaged status Not for loan Collection code Permanent Location Current Location Shelving location Date acquired Full call number Barcode Date last seen Price effective from Koha item type Public note
          Fiction KH8 Primary School Library KH8 Primary School Library Fiction 2025-11-12 581.467 CAR KHPL000007505 2025-12-05 2025-11-12 Books - Fiction PRIMARY LIBRARY

Powered By KH8 IT Dept